000 00955nam a2200325 a 4500
003 AR-BaBNM
005 20251128203925.0
008 082120s2002 ||||||||||||||000 | spa||
020 _a950-582-245-7
040 _cAR-BaBNM
100 1 _aBurgos Ortiz, Nilsa M.
245 0 0 _aLa mujer en Latinoamérica
_bperspectivas sociales y psicológicas
260 _aBuenos Aires
_bHumanitas
_c1988
300 _a130 p.
490 0 _aColección desarrollo social
504 _aContiene bibliografía
650 4 _aMUJERES
650 4 _aEDUCACION DE LA MUJER
650 4 _aIGUALDAD DE DERECHOS DEL HOMBRE Y DE LA MUJER
650 4 _aMOVIMIENTO DE LIBERACION FEMENINA
650 4 _aORGANIZACIONES FEMENINAS
650 4 _aPSICOTERAPIA
651 4 _aCosta Rica
651 4 _aAmérica Latina
700 1 _aSharratt, Sara
700 1 _aTrejos Correia, Leda M.
800 1 _aVillaverde, Sela Sierra de
_edirector
942 _cBK
998 _cEnrique
999 _c5486
_d5486